000 00248nam a2200109Ia 4500
008 190216s9999||||xx |||||||||||||| ||und||
100 _aSalim Ali
245 0 _aCommon Birds
260 _bNational Book Trust India
650 _aZoology
942 _cBK
999 _c37306
_d37306